| 000 | 00804nam a22002297a 4500 | ||
|---|---|---|---|
| 999 |
_c20971 _d20971 |
||
| 003 | AR-CdUCM | ||
| 008 | 190610b ||||| |||| 00| 0 spa d | ||
| 040 |
_aMUNICIPALIDAD PROVINCIAL DEL CUSCO _cBIBLIOTECA MUNICIPAL DEL CUSCO |
||
| 082 |
_a951 / _bN83 |
||
| 100 |
_aNossal, Frederick _943757 |
||
| 245 | _aDestino: Pekín / | ||
| 260 |
_aBuenos Aires : _bPlaza & Janes, _c1966. |
||
| 300 |
_a350 páginas ; _bFotografías a b/n, _c18 cm. |
||
| 500 | _a[libro reempastado] | ||
| 505 | _aContenido: Los hacedores de montañas -- Tres eran demasiado -- Somos los prisioneros de Pekín... | ||
| 650 |
_aPekín _94310 |
||
| 650 |
_aManchuria _943758 |
||
| 650 |
_aLa gran muralla _943759 |
||
| 700 |
_aSánchez, Atanasio (traducción), Sanroma (portada) _943760 |
||
| 942 |
_2ddc _cLIBROS |
||
| 945 | _aAndy | ||